Model meziregionálního srovnání míry ohrožení chudobou a materiální deprivací: případ České republiky
Model medziregionálnej komparácie miery ohrozenia chudobou a materiálnou depriváciou a výsledky analýzy českých krajov realizované s jeho využitím. Otázky spojené s kvalitou života, respektíve odstraňovanie aspektov „nekvality“. Rozdiely v životných podmienkach v rámci krajín Európskej únie.
Guardado en:
| Autor principal: | |
|---|---|
| Otros Autores: | |
| Formato: | Capítulo de libro |
| Lenguaje: | checo |
| Materias: | |
| Etiquetas: |
Sin Etiquetas, Sea el primero en etiquetar este registro!
|
MARC
| LEADER | 00000nla a2200000 4500 | ||
|---|---|---|---|
| 001 | 0234027 | ||
| 005 | 20251204125525.8 | ||
| 041 | 0 | |a cze | |
| 044 | |a CZ | ||
| 245 | 1 | 0 | |a Model meziregionálního srovnání míry ohrožení chudobou a materiální deprivací: případ České republiky |c Ivana Kraftová, Zuzana Ďuriová |
| 520 | |a Model medziregionálnej komparácie miery ohrozenia chudobou a materiálnou depriváciou a výsledky analýzy českých krajov realizované s jeho využitím. Otázky spojené s kvalitou života, respektíve odstraňovanie aspektov „nekvality“. Rozdiely v životných podmienkach v rámci krajín Európskej únie. | ||
| 610 | 2 | 0 | |a Česko |
| 610 | 2 | 0 | |a Európska únia |
| 610 | 2 | 0 | |a chudoba |
| 610 | 2 | 0 | |a deprivácia |
| 610 | 2 | 0 | |a deprivácia materiálna |
| 610 | 2 | 0 | |a kvalita života |
| 610 | 2 | 0 | |a úroveň životná |
| 610 | 2 | 0 | |a indexy |
| 610 | 2 | 0 | |a analýzy |
| 610 | 2 | 0 | |a porovnanie medzinárodné |
| 610 | 2 | 0 | |a porovnanie regionálne |
| 100 | 1 | |a Kraftová, Ivana | |
| 700 | 1 | |a Ďuriová, Zuzana | |